000 00584nam a2200229Ia 4500
003 OSt
005 20220928114733.0
006 a|||||r|||| 00| 0
007 ta
008 220927b |||||||| |||| 00| 0 eng d
024 _a59241
037 _cTextual
040 _aSDCL
_cSDCL
_beng
041 _2eng
_aeng
082 _aR631, L1
100 _aReymond Lizelle
_9440685
245 0 _aTo live within .
260 _aLondon
_bGeorge Allen and Unwin
_c1971
300 _ax,245p.
_ccm.
942 _hR631, L1
_cTEXL
_2CC
999 _c756222
_d756222